Statistiques concernant Villes les plus peuplées de l'Ain

Cliquez ici pour prendre le quiz!

Statistiques générales

  • Ce quiz a été pris 80 fois
  • Le résultat moyen est 9 sur 18

Statistiques - réponses

PopulationVille% Correct
40 967Bourg-en-Bresse
98%
22 785Oyonnax
90%
14 022Ambérieu-en-Bugey
78%
11 141Gex
76%
8 983Belley
71%
11 745Bellegarde-sur-Valserine
59%
7 539Meximieux
57%
9 425Miribel
55%
6 196Péronnas
50%
9 100Divonne-les-Bains
48%
6 953Lagnieu
48%
6 250Viriat
45%
6 702Trévoux
43%
9 337Ferney-Voltaire
36%
7 036Montluel
33%
9 854Saint-Genis-Pouilly
26%
7 710Prévessin-Moëns
16%
6 222Jassans-Riottier
14%

Distribution des résultats

Percentile par nombre de réponses

% des personnes avec chaque résultat

Votre développement - résultats

Vous n’avez pas pris ce quiz